| 000 | 00935cam a22002777a 4500 | ||
|---|---|---|---|
| 003 | CHAP | ||
| 005 | 20220817041607.0 | ||
| 008 | 971013s1980 r 00010 d | ||
| 010 | _a19095 | ||
| 011 | _a20067 | ||
| 035 | _a24155 | ||
| 040 | _cCHAP | ||
| 090 | _aD-133 | ||
| 110 | 2 |
_aCentro Internacional de Agricultura Tropical _921185 |
|
| 245 | 1 | 0 | _aDiversidad genética de las especies cultivadas del género Phaseolus (Diapositiva) |
| 260 |
_aCali : _bCentro Internacional de Agricultura Tropical, _c1980 |
||
| 300 | _a115 diapositivas col. 2 x 2 plg. y cassette guión y guía de estudio | ||
| 590 |
_aBATCH-UPD _b10 _c20130110 _lUCH01 _h1735 |
||
| 590 |
_aBATCH-UPD _b10 _c20130410 _lUCH01 _h1116 |
||
| 590 |
_aBATCH-UPD _b10 _c20130914 _lUCH01 _h1440 |
||
| 590 |
_aCONVERSION _b10 _c20130109 _lUCH01 _h1312 |
||
| 650 | 1 | 4 |
_aFrijol _xGenética. |
| 901 | _aBK | ||
| 942 | _cD | ||
| 949 |
_aD-133 _bBC _cD _d-55807 _eD _h62912 _i24155 _si |
||
| 999 |
_c19095 _d19095 |
||